Score 0/125 Timer 10:00
0 Plays Today
Position Notable Team % Correct
Point GuardJohn Stockton
100%
Point GuardStephen Curry
99.7%
Point GuardSteve Nash
99.4%
Point GuardTony Parker
99.4%
Point GuardChris Paul
99.4%
Point GuardRussell Westbrook
99%
Point GuardJason Kidd
98.7%
Small ForwardLeBron James
98.1%
Shooting GuardMichael Jordan
97.8%
Point GuardDerrick Rose
97.5%
Shooting GuardKobe Bryant
97.5%
Shooting GuardDwayne Wade
97.5%
CenterDeAndre Jordan
97.5%
Point GuardGary Payton
96.8%
Point GuardAndre Miller
96.8%
Shooting GuardReggie Miller
96.8%
Small ForwardScottie Pippen
96.8%
Small ForwardKevin Durant
96.5%
Power ForwardTim Duncan
96.2%
Point GuardKyrie Irving
95.9%
Shooting GuardJames Harden
95.9%
Shooting GuardKlay Thompson
95.6%
Point GuardIsaiah Thomas
94.9%
Shooting GuardTracy McGrady
94.6%
CenterShaquille O'Neal
94.6%
CenterJermaine O'Neal
94.6%
Small ForwardPaul Pierce
94.3%
Shooting GuardClyde Drexler
94%
Shooting GuardVince Carter
93.7%
Shooting GuardManu Ginobili
93.7%
Point GuardPenny Hardaway
93.3%
Point GuardTim Hardaway
93%
Power ForwardKevin Garnett
93%
CenterHakeem Olajuwon
93%
Point GuardChauncey Billups
92.7%
Shooting GuardAllen Iverson
92.4%
Small ForwardKawhi Leonard
92.4%
CenterDavid Robinson
92.4%
CenterBen Wallace
92.4%
Point GuardKevin Johnson
92.1%
Point GuardBaron Davis
92.1%
Point GuardMagic Johnson
92.1%
Position Notable Team % Correct
Small ForwardGerald Wallace
92.1%
Power ForwardKarl Malone
92.1%
Power ForwardRasheed Wallace
92.1%
Power ForwardAnthony Davis
92.1%
CenterMarc Gasol
91.7%
Power ForwardPau Gasol
91.4%
CenterPatrick Ewing
91.4%
Shooting GuardRay Allen
91.1%
Shooting GuardJoe Johnson
91.1%
Small ForwardCarmelo Anthony
90.8%
Power ForwardChris Webber
89.8%
Point GuardRajon Rondo
87.6%
Small ForwardLarry Bird
87.3%
Power ForwardCharles Barkley
87.3%
CenterAlonzo Mourning
87.3%
Power ForwardDirk Nowitzki
87%
CenterYao Ming
86.7%
Power ForwardDraymond Green
86%
Power ForwardDennis Rodman
85.7%
CenterDwight Howard
85.4%
Power ForwardBlake Griffin
85.1%
Small ForwardDominique Wilkins
84.8%
Power ForwardShawn Kemp
84.4%
Point GuardMark Price
84.1%
Power ForwardAmar'e Stoudemire
84.1%
Shooting GuardJoe Dumars
81%
Shooting GuardRichard Hamilton
81%
Power ForwardChris Bosh
80.6%
Power ForwardKevin Love
79%
Small ForwardPaul George
78.4%
Point GuardMark Jackson
78.1%
CenterDeMarcus Cousins
78.1%
CenterDikembe Mutombo
77.8%
Small ForwardGrant Hill
77.1%
Small ForwardGiannis Antetokounmpo
77.1%
Power ForwardLaMarcus Aldridge
76.5%
Small ForwardPeja Stojakovic
75.2%
Power ForwardKevin McHale
74.6%
Point GuardJason Williams
74.3%
Small ForwardShawn Marion
74.3%
Small ForwardJames Worthy
73.7%
Power ForwardAntoine Walker
72.7%
Position Notable Team % Correct
Shooting GuardChris Mullin
72.4%
CenterVlade Divac
71.1%
CenterRobert Parish
68.6%
CenterJoakim Noah
66.7%
Shooting GuardMitch Richmond
66%
Power ForwardElton Brand
65.7%
Shooting GuardBrandon Roy
65.1%
CenterNikola Jokic
64.4%
Shooting GuardMichael Redd
64.1%
Point GuardSam Cassell
63.8%
Shooting GuardAllan Houston
62.2%
Small ForwardRichard Jefferson
62.2%
CenterJoel Embiid
61.9%
Shooting GuardLatrell Sprewell
61.3%
CenterRudy Gobert
60.6%
Power ForwardHorace Grant
60.3%
CenterTyson Chandler
60.3%
Small ForwardGlen Rice
60%
CenterZydrunas Ilgauskas
57.8%
Shooting GuardMichael Finley
57.5%
Small ForwardTayshaun Prince
57.5%
Power ForwardAntwan Jamison
57.1%
Shooting GuardReggie Lewis
56.5%
Point GuardTerry Porter
53%
CenterRik Smits
53%
Power ForwardCharles Oakley
52.7%
CenterArvydas Sabonis
52.7%
Small ForwardDetlef Schrempf
52.1%
Small ForwardRon Artest
52.1%
Shooting GuardJerry Stackhouse
51.7%
Power ForwardPaul Millsap
50.5%
CenterBrad Daugherty
39.4%
Small ForwardSean Elliott
37.5%
Power ForwardRobert Horry
36.5%
Point GuardRod Strickland
36.2%
Shooting GuardDrazen Petrovic
34.6%
Small ForwardJamal Mashburn
33.7%
Small ForwardToni Kukoc
33%
Small ForwardBernard King
31.7%
CenterMarcus Camby
30.5%
Small ForwardAnthony Mason
25.4%
Remove Ads.
Support Sporcle.
Get the best of Sporcle when you Go Orange. This ad-free experience offers more features, more stats, and more fun while also helping to support Sporcle. Thank you for becoming a member.

You're not logged in!

Compare scores with friends on all Sporcle quizzes.
OR
Log In

Show Comments

Extras

Top Quizzes Today


Score Distribution

Your Account Isn't Verified!

In order to create a playlist on Sporcle, you need to verify the email address you used during registration. Go to your Sporcle Settings to finish the process.

Report this User

Report this user for behavior that violates our Community Guidelines.

Details: